Welcome to the Holygrace Academy Library

Please use search bar below to get started

THE NANCY DREW FILE - DANGEROUS DOVE (Record no. 7289)

MARC details
000 -LEADER
fixed length control field 00294nam a22001217a 4500
082 ## - DEWEY DECIMAL CLASSIFICATION NUMBER
Classification number 823
Item number CAR/N
100 ## - MAIN ENTRY--AUTHOR NAME
Personal name KEENEE, CAROLYN
245 ## - TITLE STATEMENT
Title THE NANCY DREW FILE - DANGEROUS DOVE
260 ## - PUBLICATION, DISTRIBUTION, ETC. (IMPRINT)
Place of publication NEW YORK
Name of publisher POCKET BOOKS
Year of publication 1983
300 ## - PHYSICAL DESCRIPTION
Number of Pages 151
650 ## - SUBJECT ADDED ENTRY--TOPICAL TERM
Topical Term ENGLISH STORY
Geographic subdivision UNITED STATES
942 ## - ADDED ENTRY ELEMENTS (KOHA)
Koha item type Books
Holdings
Withdrawn status Lost status Collection code Home library Current library Date acquired Source of acquisition Cost, normal purchase price Full call number Accession Number Koha item type
Withdrawn Damaged Item Fiction Main Library Main Library 28/03/2003 purchase 72.00 823 CAR/N 00244 Books